• 首页
  • 本馆介绍
  • 公告通知
  • 最新文献
  • 馆藏检索
  • 电子资源
  • 读者导购
  • 参考咨询
  • 我的图书馆
  • 登录
  • 详细信息显示
  • 放入我的书架
  • 预约/预借图书
  • 作者相关作品
  • 分类相关作品
  • 丛书相关作品
  • 出版社相关作品

书目信息

  • 表格格式
  • 工作单格式
  • 卡片格式
题名:
动物寄生虫学
    
 
作者: 徐艿南 , 甘运兴 编著
分册: 上  
出版信息: 北京   人民教育出版社  1965
页数: 279页
开本: 26cm
丛书名:
单 册:
中图分类: R38
科图分类:
主题词: 寄生虫学--高等学校--教学参考资料 , 寄生虫学:医学
电子资源:
ISBN:
000 00769nam0 2200265 45
001 0178005886
005 20060429105226.67
010    @dCNY1.60
091    @a14012.0015
100    @a19950727e19781965em y0chiy0121 ea
101 0  @achi
102    @aCN@b110000
105    @ay z 000yy
200 10 @a动物寄生虫学@Adong wu ji sheng chong xue@h上@f徐艿南,甘运兴编著@Fxu nai nan,gan yun xing bian zhu
210    @a北京@c人民教育出版社@d1965@h1978重印
215    @a279页@d26cm
300    @a内部发行
300    @a高等学校教学参考书
606    @a寄生虫学@x高等学校@x教学参考资料
606 0  @a寄生虫学:医学
690    @aR38@v3
701  0 @a徐艿南@Axu nai nan@4编著
701  0 @a甘运兴@Agan yun xing@4编著
801  0 @aCN@bTSSF@c20060429
905    @a10447@dR38@e1:1
    
    动物寄生虫学.上/徐艿南,甘运兴编著.-北京:人民教育出版社,1965(1978重印)
    279页;26cm
    内部发行.-高等学校教学参考书
    
    ISBN :CNY1.60
    
●
相关链接 在E读中查询图书 在五车中查询图书 在当当中查询图书 在豆瓣中查询图书


正题名:动物寄生虫学     索取号:R38/1:1         预约/预借

序号 登录号 条形码 馆藏地/架位号 状态 备注
1 0002659   202293339   密集书库/ [索取号:R38/1:1] 在馆    
2 0002660   202293320   密集书库/ [索取号:R38/1:1] 在馆    
唐山师范学院图书馆 欢迎您!
大连网信软件有限公司© 版权所有